Central Library OPAC University of Rajshahi

বাংলাদেশে রাজনৈতিক দল ব্যবস্থার স্বরুপ ও প্রকৃতি : (Record no. 37194)

MARC details
000 -LEADER
fixed length control field 01628ntm a2200253 a 4500
001 - CONTROL NUMBER
control field 37194
003 - CONTROL NUMBER IDENTIFIER
rucl marc code BD-RjUL
005 - DATE AND TIME OF LATEST TRANSACTION
control field 20211209052604.0
008 - FIXED-LENGTH DATA ELEMENTS--GENERAL INFORMATION
fixed length control field 141108s2013 bg a|||| b||| 00| 0 ben d
035 ## - SYSTEM CONTROL NUMBER
System control number (BD-RjUL)37296
040 ## - CATALOGING SOURCE
Original cataloging agency BD-RjUL
Language of cataloging ben/eng
Transcribing agency BD-RjUL
Modifying agency BD-RjUL
041 ## - LANGUAGE CODE
Language code of text/sound track or separate title ben
082 ## - DEWEY DECIMAL CLASSIFICATION NUMBER
Classification number 324.25492
Author mark and year RAB 2013
100 ## - MAIN ENTRY--PERSONAL NAME
Personal name রহমান, এস. এম. মোখলেসুর
9 (RLIN) 113824
245 ## - TITLE STATEMENT
Title বাংলাদেশে রাজনৈতিক দল ব্যবস্থার স্বরুপ ও প্রকৃতি :
Remainder of title ডানপন্থী রাজনৈতিক দলগুলোর উপর একটি সমীক্ষা /
Statement of responsibility, etc. এস. এম. মোখলেসুর রহমান ;
Linkage সুপারভাইজার : মোঃ রুহুল আমিন
260 ## - PUBLICATION, DISTRIBUTION, ETC. (IMPRINT)
Place of publication, distribution, etc. রাজশাহী :
Name of publisher, distributor, etc. রাষ্ট্রবিজ্ঞান বিভাগ, রাজশাহী বিশ্ববিদ্যালয়,
Date of publication, distribution, etc. ২০১৩
300 ## - PHYSICAL DESCRIPTION
Pagination [৫], ১৯৯ পাতা ;
Size ২৯ সেমি.
502 ## - DISSERTATION NOTE
Dissertation note থিসিস (এম.ফিল.)-- রাষ্ট্রবিজ্ঞান বিভাগ, রাজশাহী বিশ্ববিদ্যালয়, ২০১৩.
504 ## - BIBLIOGRAPHY, ETC. NOTE
Bibliography, etc গ্রন্থপঞ্জি পাতা [১৮৪]-১৯৯.
650 ## - SUBJECT ADDED ENTRY--TOPICAL TERM
Topical term or geographic name as entry element রাজনৈতিক দল
Form subdivision ইতিহাস
Geographic subdivision বাংলাদেশ
9 (RLIN) 113826
Topical term or geographic name as entry element Political parties
Form subdivision History
Geographic subdivision Bangladesh
9 (RLIN) 113827
700 ## - ADDED ENTRY--PERSONAL NAME
Personal name আমিন, মো. রুহুল, সুপারভাইজার
942 ## - ADDED ENTRY ELEMENTS (KOHA)
Source of classification or shelving scheme Dewey Decimal Classification
Koha item type Theses
Holdings
Lost status Source of classification or shelving scheme Damaged status Not for loan Collection code Permanent Location Current Location Shelving location Date acquired Source of acquisition Cost, normal purchase price Total Checkouts Full call number Date last seen Copy number Koha item type
  Dewey Decimal Classification   Not For Loan Theses Central Library, University of Rajshahi Central Library, University of Rajshahi Documentation Section 25/09/2014 Controller of Examination Office, University of Rajshahi, Rajshahi. 0.00   BTHE 324.25492 RAB 2013 08/11/2014 C-1 Theses